000
00315nam a2200109Ia 4500
008
171211s9999 xx 000 0 und d
245
2
_a
A Dictionary of Human Rights
245
_c
David Robertson
260
_c
2004
650
_x
Encyclopedia and Dictionary
856
_u
http://down.ebook777.com/053/9781857432077.pdf
999
_c
350226
_d
350226